La administración del sistema empresa: un enfoque integral de la administración de empresas
Guardat en:
| Autor principal: | |
|---|---|
| Format: | Llibre |
| Idioma: | espanyol |
| Publicat: |
Santiago
Universitaria
1991
|
| Edició: | 3a. ed |
| Matèries: | |
| Etiquetes: |
Afegir etiqueta
Sense etiquetes, Sigues el primer a etiquetar aquest registre!
|
MARC
| LEADER | 00000nam a2200000 a 4500 | ||
|---|---|---|---|
| 001 | UCW2256 | ||
| 003 | CL-VaPUC | ||
| 008 | 930823e19910000CL |||||||||||||||||spa|d | ||
| 082 | 0 | 4 | |a 658.4 |b ILL |2 21 |
| 100 | |a Illanes Frontaura, Pablo |e author |9 534014 | ||
| 245 | 1 | 3 | |a La administración del sistema empresa: un enfoque integral de la administración de empresas |
| 250 | |a 3a. ed | ||
| 300 | |a 273 p | ||
| 942 | |c BK | ||
| 945 | |d 19930823 00:00:00 | ||
| 260 | |a Santiago |b Universitaria |c 1991 | ||
| 650 | 0 | |a Administración de empresas |9 260833 | |
| 583 | |a last modification |c 20120530 11:22:19 |k Rodrigo Vera | ||
| 999 | |c 216844 |d 216842 | ||